000 00340nam a2200157 a 4500
005 20220127140235.0
008 000224d1999 mx a r 00010 spa d
010 _a80074
011 _a81046
020 _a968779853
035 _a91505
245 0 0 _c/
260 _c199
590 _aCONVERSION
_b10
_c20130109
_lUCH01
_h1344
901 _aBK
999 _c80074
_d80074